|
|
|
|
| LEADER |
01090nam a2200217 a 4500 |
| 001 |
GR-MES3560 |
| 008 |
991111s gr 000 0 gre d |
| 040 |
|
|
|a GrPaTEI
|b gre
|c GR-PaULI
|
| 100 |
1 |
|
|a Φαρσεδάκης, Ι.
|
| 245 |
1 |
0 |
|a Παραβατικότητα και κοινωνικός έλεγχος των ανηλίκων.
|
| 260 |
|
|
|a Αθήνα :
|b Νομική βιβλιοθήκη,
|c 1985
|
| 300 |
|
|
|a 167σελ.
|
| 300 |
|
|
|d 24 εκ.
|
| 650 |
|
4 |
|a εγκληματικότητα ανηλίκων
|
| 700 |
1 |
|
|a Φαρσεδάκης, Ι.
|
| 710 |
0 |
|
|a Νομική βιβλιοθήκη
|
| 942 |
|
|
|2 ddc
|
| 952 |
|
|
|0 0
|1 0
|2 ddc
|4 0
|6 346_360000000000000_ΦΑΡ
|7 0
|9 268168
|a MSLG
|b MSLG
|c BSC
|d 2021-01-17
|e 24
|f 0
|g 0.00
|l 0
|o 346.36 ΦΑΡ
|p 2420000010930
|r 2021-01-17 00:00:00
|t 1
|w 2021-01-17
|y BK15
|x 19991111 0 1
|x GrPaTEI
|
| 952 |
|
|
|0 0
|1 0
|2 ddc
|4 0
|6 364_360000000000000_ΦΑΡ
|7 0
|9 268169
|a MSLG
|b MSLG
|c BSC
|d 2021-01-17
|e 24
|f 0
|g 0.00
|l 0
|o 364.36 ΦΑΡ
|p 2420000019509
|r 2021-01-17 00:00:00
|t 1
|w 2021-01-17
|y BK15
|x 20051011 0 1
|x GrPaTEI
|
| 971 |
|
|
|a .b25746054
|b 16-04-20
|c 13-09-16
|
| 999 |
|
|
|c 154470
|d 154470
|